Guess the Video Game Character - Statistics

General Stats
  • This quiz has been taken 939 times
    703 since last reset
  • The average score is 35 of 87
Answer Stats
Picture Answer % Correct
Pac-Man
98%
Sonic
97%
Mario
96%
Pikachu
95%
Chun-Li
89%
Donkey Kong
86%
Kratos
86%
Lara Croft
86%
Link
86%
Kirby
81%
Master Chief
81%
Yoshi
81%
Crash Bandicoot
79%
Steve
79%
Freddy Fazbear
72%
Spyro
72%
Bowser
71%
Charizard
66%
Scorpion
66%
Ryu
65%
Mega man
64%
Solid Snake
59%
Agent 47
58%
Ellie
58%
Princess Zelda
58%
Rayman
57%
Nathan Drake
54%
Dante
52%
Bayonetta
51%
Pyramid Head
51%
Tracer
51%
Ezio
46%
Banjo
42%
Doomguy
42%
GLaDOS
42%
John Marston
42%
Sora
42%
Peach
41%
Duke Nukem
40%
Gordon Freeman
40%
Ganondorf
36%
Big Daddy
35%
Jill Valentine
35%
Ness
35%
2B
34%
Cloud Strife
34%
Cortana
34%
Trevor Phillips
33%
Vaultboy
32%
Handsome Jack
31%
Little Mac
31%
Niko Bellic
31%
Q*Bert
30%
Samus Aran
30%
Alice
29%
Earthworm Jim
27%
Max Payne
26%
Jak
25%
Geralt of Rivia
24%
Miles Tails Prower
22%
Fox McCloud
21%
Conker
19%
Darth Revan
19%
Pit
19%
Starkiller
18%
Sam Fisher
15%
Diablo
14%
Viktor Reznov
14%
Simon Belmont
13%
Vaas Montenegro
13%
Commander Shepard
11%
Marcus Fenix
10%
Abe
9%
Lemmings
9%
Alyx Vance
8%
Ryu Hayabusa
7%
CJ Johnson
5%
Faith Connors
5%
Baal
3%
B.J. Blazkowicz
3%
Guybrush Threepwood
3%
Penitent One
3%
Razputin
3%
Tyrael
3%
Manny Calavera
2%
Rayne
2%
Shodan
2%
No matching quizzes found
Score Distribution
Percent of People with Each Score
Percentile by Number Answered
Your Score History
You have not taken this quiz since the last reset